000 00326nam a2200133Ia 4500
008 240624s9999 xx 000 0 und d
041 _aeng
082 _a657 RAW
100 _aRAWAT D S
245 _aFUNDAMENTALS OF ACCOUNTING MERCANTILE LA
250 _a(2nd ed.)
260 _c2007
_aNew Delhi
_bTaxman's
365 _cRS
_b25
999 _c14210
_d14210